| 000 | 00742cab a2200265 4500 | ||
|---|---|---|---|
| 001 | ABS55748 | ||
| 008 | 090401t1996 xxu||||| |||| 00| 0 eng d | ||
| 035 | _a(Sirsi) u18542 | ||
| 041 | _aeng | ||
| 100 | _aSandbrook, D. | ||
| 245 | 4 | _aThe forgotten tax | |
| 260 | _c1996 | ||
| 350 | _a0 | ||
| 490 |
_aThe Waste Manager _vJuly/August 1996, 30-31(2) |
||
| 520 | _aAdvises on calculating rateable values for landfill sites. Appeal procedures and discretionary reliefs are available. | ||
| 650 | _aBUSINESS RATES | ||
| 650 | _aLANDFILL SITES | ||
| 650 | _aRATEABLE VALUES | ||
| 650 | _aUNIFORM BUSINESS RATE | ||
| 690 | _aLAND | ||
| 690 | _aRATING AND VALUATION | ||
| 700 | _aHerdman, D. | ||
| 942 | _n0 | ||
| 948 | _c04/03/1997 | ||
| 999 |
_c12332 _d12332 |
||